01846nam a22003377a 450000100060000000300080000600500170001400700030003100800410003402000180007502800080009304000400010108200130014110000300015424500560018425000100024026400430025030000270029333600290032033700330034933800280038250500350041050500530044550500550049850500250055350500500057850500480062850500540067650500370073052007410076742835gtgccic20250801120121.0ta250801b mx ||||| |||| 00| 0 spa d a9789682475528 b158 agtgccicbspacgtgccicdgtgccicerda a691 G2451 aGaspar de la GarzaeAutor aMateriales y construcción /cGarza, Gaspar de la  a2da.  aMéxico :bEditorial Trillas ;c2007. a149 p. :bil. ;c27 cm 2rdacontenidoatextobtxt 2rdamedioasin mediaciónbn 2rdasoporteavolumenbnc tCap. 1. ESTUDIOS PRELIMINARES tCap. 2. TRABAJOS INICIALES DE LA CONSTRUCCIÓN tCap. 3. TRASMISIÓN DE CARGAS A LA CIMENTACIÓN tCap. 4. ESTRUCTURAS tCap. 5. APLICACIÓN DE MATRIALES EN LA OBRA tCap. 6. ESPECIFICACIONES DE CONSTRUCCIÓN tTABLAS DE ESPECIFICACIONES DE MATERIALES DE ACERO tApéndice. CÁLCULOS DE LOSAS aEste texto de consulta y actualización, es una herramienta teórico práctica de gran valor, porque apoya el desarrollo de los estudiantes, técnicos y profesionales de la ingeniería, ya que aclara la mayoría de las dudas que surgen al proyectar y construir una obra. El texto contiene los conocimientos necesarios para inciar y guiar una obra, desde el estudio general del predio, los requisitos para elaborar el proyecto arquitectónico, los trabajos iniciales y la cimentación, hasta las estructuras, la selección y uso de los materiales, así como algunas especificaciones de construcción. El libro trata con objetividad y sencillez casi todos los aspectos de interés para el personal que trabaja en dicho ramo.